International Monetary Fund Annual Report 1987.

This paper reviews key findings of the IMF's Annual Report for the fiscal year ended April 30, 1987. The report highlights that the international economic and financial situation changed substantially during 1986 and the early part of 1987. Economic growth in the industrial countries slowed, re...

詳細記述

書誌詳細
団体著者: International Monetary Fund
フォーマット: 雑誌
言語:English
出版事項: Washington, D.C. : International Monetary Fund, 1987.
シリーズ:Annual Report of the Executive Board; Annual Report of the Executive Board ; No. 1987/001
オンライン・アクセス:Full text available on IMF
LEADER 01632cas a2200229 a 4500
001 AALejournalIMF011148
008 230101c9999 xx r poo 0 0eng d
020 |z 9781616351991 
022 |a 2227-8915 
040 |a BD-DhAAL  |c BD-DhAAL 
110 2 |a International Monetary Fund. 
245 1 0 |a International Monetary Fund Annual Report 1987. 
264 1 |a Washington, D.C. :  |b International Monetary Fund,  |c 1987. 
300 |a 1 online resource (188 pages) 
490 1 |a Annual Report of the Executive Board 
500 |a <strong>Off-Campus Access:</strong> No User ID or Password Required 
500 |a <strong>On-Campus Access:</strong> No User ID or Password Required 
506 |a Electronic access restricted to authorized BRAC University faculty, staff and students 
520 3 |a This paper reviews key findings of the IMF's Annual Report for the fiscal year ended April 30, 1987. The report highlights that the international economic and financial situation changed substantially during 1986 and the early part of 1987. Economic growth in the industrial countries slowed, real primary commodity prices continued to decline, external imbalances widened despite ongoing adjustments in real trade balances, protectionist pressures and actions intensified, and the external financial situation of many developing countries deteriorated further. 
538 |a Mode of access: Internet 
830 0 |a Annual Report of the Executive Board; Annual Report of the Executive Board ;  |v No. 1987/001 
856 4 0 |z Full text available on IMF  |u http://elibrary.imf.org/view/books/011/11934-9781616351991-en/11934-9781616351991-en-book.xml  |z IMF e-Library